Mechanics For Engineers (Record no. 26969)

MARC details
000 -LEADER
fixed length control field 00371nam a22001697a 4500
003 - CONTROL NUMBER IDENTIFIER
control field OSt
005 - DATE AND TIME OF LATEST TRANSACTION
control field 20220114095011.0
008 - FIXED-LENGTH DATA ELEMENTS--GENERAL INFORMATION
fixed length control field 220114b |||||||| |||| 00| 0 eng d
020 ## - INTERNATIONAL STANDARD BOOK NUMBER
International Standard Book Number 007004273X
040 ## - CATALOGING SOURCE
Transcribing agency HU
082 ## - DEWEY DECIMAL CLASSIFICATION NUMBER
Classification number 531
100 ## - MAIN ENTRY--PERSONAL NAME
Personal name Beer P. Ferdinand
9 (RLIN) 27942
245 ## - TITLE STATEMENT
Title Mechanics For Engineers
250 ## - EDITION STATEMENT
Edition statement 3ed
300 ## - PHYSICAL DESCRIPTION
Type of unit 409
942 ## - ADDED ENTRY ELEMENTS (KOHA)
Source of classification or shelving scheme Dewey Decimal Classification
Koha item type Books like text book referance book
Suppress in OPAC No
Holdings
Withdrawn status Lost status Source of classification or shelving scheme Damaged status Not for loan Home library Current library Shelving location Date acquired Total Checkouts Full call number Barcode Date last seen Copy number Price effective from Koha item type
    Dewey Decimal Classification     IoT Library IoT Library General Stacks 01/14/2022   531/beer/1976 IOTL0004667 01/14/2022 1 01/14/2022 Books like text book referance book
    Dewey Decimal Classification     IoT Library IoT Library General Stacks 01/14/2022   531/beer/1976 IOTL0004668 01/14/2022 2 01/14/2022 Books like text book referance book